00758cam a2200181u 4500082001700000100003100017245002700048260002900075300003200104526003700136650001300173650004800186700003400234942001200268999001900280952011400299952016300413 a942.084bCHU1 aChurchill, Winston,94903610aInto battle: speeches. aLondon,bCassellc[1941] aviii, 313 p.bport.c22 cm. a0b0c0d942_084000000000000_CHU 0aMCE9379 0aWorld War, 1939-1945zGreat Britain.9485881 aChurchill, Randolph S.949973 2ddccBK c552714d552714 00102ddc4070aMCEbMCEcArchive Sectiond2015-01-21l0o942.084 CHUpMCE-ECI.2r2015-01-21w2015-01-21yBK 00102ddc4070aNLSbNLSd2026-02-17eDonated by Mr. Salahuddin Khan Advocate Supreme Court of Pakistanl0o942.084 CHUpNLSD-556r2026-02-17w2026-02-17yBK